Top 100 HBO Series (IMDB) - Statistics

General Stats
  • This quiz has been taken 877 times
    112 since last reset
  • The average score is 18 of 115
Answer Stats
Series Year IMDB % Correct
Game of Thrones 2011-2019 9.2
83%
The Sopranos 1999-2007 9.2
78%
The Wire 2002-2008 9.3
68%
Succession 2018-2023 8.8
64%
Chernobyl 2019 9.3
61%
Band of Brothers 2001 9.4
54%
True Detective 2014-Present 8.8
54%
Euphoria 2019-Present 8.2
51%
House of the Dragon 2022-Present 8.3
49%
Curb Your Enthusiasm 2000-2024 8.8
42%
Six Feet Under 2001-2005 8.7
40%
The Pitt 2025-Present 8.9
39%
The Last of Us 2023-Present 8.5
38%
Barry 2018-2023 8.3
35%
Oz 1997-2003 8.7
32%
Westworld 2016-2022 8.4
31%
Boardwalk Empire 2010-2014 8.6
29%
Veep 2012-2019 8.4
29%
Deadwood 2004-2006 8.6
26%
Last Week Tonight with John Oliver 2014-Present 8.8
25%
Entourage 2004-2011 8.4
24%
Rome 2005-2007 8.7
24%
The White Lotus 2021-Present 8.0
24%
The Leftovers 2014-2017 8.3
22%
The Penguin 2024 8.6
22%
Hacks 2021-Present 8.2
19%
Silicon Valley 2014-2019 8.5
19%
The Larry Sanders Show 1992-1998 8.5
19%
The Pacific 2010 8.3
19%
Vice 2013-2021 8.8
19%
The Newsroom 2012-2014 8.6
18%
It: Welcome to Derry 2025-Present 8.0
17%
Task 2025-Present 8.0
17%
The Comeback 2005, 2014, 2026 8.0
17%
The Righteous Gemstones 2019-2025 8.1
17%
Treme 2010-2013 8.3
17%
Flight of the Conchords 2007-2009 8.5
15%
Insecure 2016-2021 8.1
15%
Mare of Easttown 2021 8.4
15%
Peacemaker 2022-Present 8.3
15%
Sharp Objects 2018 8.0
15%
Big Little Lies 2017-2025 8.4
14%
Carnivàle 2003-2005 8.4
14%
John Adams 2008 8.4
14%
Tales from the Crypt 1989-1996 8.0
14%
Watchmen 2019 8.2
14%
How To with John Wilson 2020-2023 8.7
13%
The Deuce 2017-2019 8.1
13%
The Rehearsal 2022-Present 8.5
13%
Vice Principals 2016-2017 8.0
13%
Eastbound & Down 2009-2013 8.2
11%
Generation Kill 2008 8.4
11%
I May Destroy You 2020 8.1
11%
Mr. Show with Bob and David 1995-1998 8.4
11%
The Night Of 2016 8.4
11%
Todd McFarlane's Spawn 1997-1999 8.0
11%
Angels in America 2003 8.1
10%
Hard Knocks 2001-Present 8.3
10%
Sesame Street 2016-2025 8.1
10%
Somebody Somewhere 2022-2024 8.3
10%
The Gilded Age 2022-Present 8.1
10%
The Ricky Gervais Show 2010-2012 8.4
10%
A Knight of Seven Kingdoms 2026-Present 8.3
8%
Da Ali G Show 2003-2004 8.0
8%
I Know This Much Is True 2020 8.1
8%
In Treatment 2008-2010, 2021 8.3
8%
Olive Kitteridge 2014 8.3
8%
The Corner 2000 8.5
8%
Conan O'Brien Must Go 2024-Present 8.2
7%
Extras 2005-2007 8.3
7%
Harley Quinn 2022-Present 8.4
7%
Scenes from a Marriage 2021 8.0
7%
Adventure Time: Distant Lands 2020-2021 8.6
6%
Adventure Time: Fionna & Cake 2023 8.7
6%
High Maintenance 2016-2020 8.1
6%
It's a Sin 2021 8.6
6%
Looking 2014-2015 8.2
6%
Sonic Highways 2014 8.7
6%
Tokyo Vice 2022-2024 8.1
6%
Years and Years 2019 8.3
6%
100 Foot Wave 2021-Present 8.1
4%
From the Earth to the Moon 1998 8.5
4%
Gentleman Jack 2019-2022 8.2
4%
Looney Tunes Cartoons 2019-2024 8.0
4%
My Brilliant Friend 2018-2024 8.6
4%
Scavengers Reign 2023 8.6
4%
South Side 2021-2022 8.2
4%
Tenacious D 1997-2000 8.0
4%
The Kids in the Hall 1988-1995 8.4
4%
The No. 1 Ladies' Detective Agency 2008-2009 8.3
4%
Warrior 2023 8.4
4%
Winning Time: The Rise of the Lakers Dynasty 2022-2023 8.3
4%
10-Year-Old Tom 2021-2023 8.2
3%
A Brutal Pact: The Murder of Daniella Perez 2022 8.4
3%
Infinity Train 2020-2021 8.4
3%
Julia 2022-2023 8.3
3%
Legendary 2020-2022 8.1
3%
Patria 2020 8.2
3%
Selena + Chef 2020-Present 8.3
3%
SmartLess: On the Road 2023 8.2
3%
The Defiant Ones 2017 8.5
3%
The Informant 2022 8.0
3%
The Jinx: The Life and Deaths of Robert Durst 2015 8.6
3%
The Last Movie Stars 2022 8.0
3%
The Life & Times of Tim 2008-2012 8.3
3%
The New Pope 2020 8.0
3%
The Young Pope 2016 8.3
3%
Veneno 2020 8.6
3%
We're Here 2020-2024 8.2
3%
Wise Guy: David Chase and the Sopranos 2024 8.2
3%
Young Justice 2021-2022 8.6
3%
Billy Joel: And So It Goes 2025 8.6
1%
George Carlin's American Dream 2022 8.3
1%
Pee-wee as Himself 2025 8.4
1%
The Crime of the Century 2021 8.1
0%
No matching quizzes found
Score Distribution
Percent of People with Each Score
Percentile by Number Answered
Your Score History
You have not taken this quiz since the last reset